| 000 | 00530nmm a2200169Ia 4500 | ||
|---|---|---|---|
| 008 | 251105s9999||||xx |||||||||||||||||und|| | ||
| 020 | _a9788484894384 | ||
| 041 | _aspa | ||
| 100 | _aLópez García, Ángel | ||
| 245 | 0 | _aLa lengua común en la España plurilingüe | |
| 264 |
_a[Madrid, España] : _bIberoamericana Vervuert, _c2009 |
||
| 300 | _a128 páginas | ||
| 490 | _aLengua y sociedad en el mundo hispánico | ||
| 650 | _aHistory of language | ||
| 856 | _uhttps://public.digitaliapublishing.com/a/21041 | ||
| 942 | _cCF | ||
| 999 |
_c86616 _d86616 |
||